000 00469nam a2200181Ia 4500
001 21499
005 20260306172924.0
008 260306t2011||||xx |||||||||||||| ||spa||
041 _aESP
082 _a345.1J
_bM36
100 _aGaceta Jurídica
_eAUT
245 0 _aLas medidas coercitivas personales y reales en la jurisprudencia 2009-2010
260 _c2011
300 _a605 páginas :
_c25 cm.
650 _aGEN
654 _aCDE
942 _cLIB
_dJUS
_fJUS
_2ddc
_n
999 _c21499
_d21499